[Event "Gaprindashvili Cup (Women)"]
[Site "Tornelo INT"]
[Date "2020.11.09"]
[Round "5"]
[White "Khomeriki, Nino"]
[Black "Melia, Salome"]
[Result "1-0"]
[WhiteElo "2293"]
[BlackElo "2371"]
[PlyCount "59"]
[EventDate "2020.11.08"]
[EventType "swiss (rapid)"]
[EventRounds "9"]
[EventCountry "GEO"]
[SourceTitle "CBM 199 Extra"]
[Source "ChessBase"]
[SourceDate "2021.01.31"]
[SourceVersion "1"]
[SourceVersionDate "2021.01.31"]
[SourceQuality "1"]

1. d4 Nf6 2. Nf3 d5 3. e3 c5 4. c4 cxd4 5. exd4 e6 6. Nc3 Bb4 7. Bg5 h6 8. Bxf6 Qxf6 9. cxd5 exd5 10. Bd3 0-0 11. 0-0 Bxc3 12. bxc3 Bg4 13. Rb1 Nd7 14. Rxb7 Nb6 15. h3 Bh5 16. g4 Bg6 17. Ne5 Bxd3 18. Qxd3 Qe6 19. Qf5 Qxf5 20. gxf5 Rac8 21. Rc1 Na4 22. c4 dxc4 23. d5 Nb6 24. d6 Rc5 25. f4 Rd5 26. d7 Rd8 27. Re1 Kh7 28. Rxa7 Nxd7 29. Nxc4 Rxf5 30. Rd1 1-0

[Event "Gaprindashvili Cup (Women)"]
[Site "Tornelo INT"]
[Date "2020.11.09"]
[Round "4"]
[White "Khotenashvili, Bela"]
[Black "Khomeriki, Nino"]
[Result "1-0"]
[WhiteElo "2463"]
[BlackElo "2293"]
[PlyCount "71"]
[EventDate "2020.11.08"]
[EventType "swiss (rapid)"]
[EventRounds "9"]
[EventCountry "GEO"]
[SourceTitle "CBM 199 Extra"]
[Source "ChessBase"]
[SourceDate "2021.01.31"]
[SourceVersion "1"]
[SourceVersionDate "2021.01.31"]
[SourceQuality "1"]

1. g3 d5 2. Bg2 c6 3. f4 g6 4. Nf3 Bg7 5. 0-0 Nf6 6. d3 0-0 7. Qe1 b6 8. e4 dxe4 9. dxe4 Ba6 10. Rf2 Nbd7 11. e5 Ng4 12. Rd2 Qc7 13. Nc3 Rad8 14. Ne4 c5 15. h3 Nh6 16. e6 Nb8 17. Rxd8 Rxd8 18. exf7+ Nxf7 19. Neg5 Bc4 20. Nxf7 Bxf7 21. Ng5 e5 22. Nxf7 Kxf7 23. c3 Nc6 24. fxe5 Bxe5 25. Bg5 Re8 26. Qd2 Ne7 27. Rf1+ Kg8 28. g4 Qd6 29. Qf2 Qe6 30. Bh6 Bg7 31. Bxg7 Kxg7 32. Qf3 Ng8 33. Qb7+ Re7 34. Qb8 Rf7 35. Rxf7+ Qxf7 36. Qe5+ 1-0

[Event "Gaprindashvili Cup (Women)"]
[Site "Tornelo INT"]
[Date "2020.11.08"]
[Round "1"]
[White "Khomeriki, Nino"]
[Black "Tsotsonava, Elene"]
[Result "0-1"]
[WhiteElo "2293"]
[BlackElo "1805"]
[PlyCount "68"]
[EventDate "2020.11.08"]
[EventType "swiss (rapid)"]
[EventRounds "9"]
[EventCountry "GEO"]
[SourceTitle "CBM 199 Extra"]
[Source "ChessBase"]
[SourceDate "2021.01.31"]
[SourceVersion "1"]
[SourceVersionDate "2021.01.31"]
[SourceQuality "1"]

1. d4 d5 2. Nf3 Nf6 3. c4 dxc4 4. e3 e6 5. Bxc4 a6 6. 0-0 c5 7. b3 b5 8. Be2 Bb7 9. Bb2 Nbd7 10. a4 b4 11. Nbd2 cxd4 12. Nxd4 Be7 13. Rc1 0-0 14. Nc6 Bxc6 15. Rxc6 Rc8 16. Rxa6 Nc5 17. Ra7 Nd5 18. Nc4 Bf6 19. Bf3 Bxb2 20. Bxd5 exd5 21. Nxb2 Qb6 22. Re7 Qf6 23. Ra7 Qxb2 24. Qxd5 Qxb3 25. Qf5 Nxa4 26. Rb1 Qc4 27. h3 Nc3 28. Re1 b3 29. Rb7 Rb8 30. Rxb8 Rxb8 31. Qe5 Rc8 32. Kh2 b2 33. Rb1 Nxb1 34. Qxg7+ Kxg7 0-1

[Event "GEO-ch (Women) 77th"]
[Site "Tbilisi"]
[Date "2020.07.24"]
[Round "4"]
[White "Khomeriki, Nino"]
[Black "Batsiashvili, Nino"]
[Result "0-1"]
[WhiteElo "2319"]
[BlackElo "2457"]
[PlyCount "152"]
[EventDate "2020.07.21"]
[EventType "tourn"]
[EventRounds "9"]
[EventCountry "GEO"]
[EventCategory "4"]
[SourceTitle "CBM 197 Extra"]
[Source "ChessBase"]
[SourceDate "2020.09.30"]
[SourceVersion "1"]
[SourceVersionDate "2020.09.30"]
[SourceQuality "1"]

1. d4 Nf6 2. c4 g6 3. Nc3 Bg7 4. Nf3 0-0 5. e4 d6 6. Be2 e5 7. 0-0 Nc6 8. Be3 Ng4 9. Bg5 f6 10. Bh4 Nh6 11. dxe5 dxe5 12. Qd5+ Kh8 13. Rfd1 Qe7 14. Qd2 Qf7 15. h3 g5 16. Bg3 g4 17. hxg4 Nxg4 18. Nd5 Rg8 19. b4 a5 20. b5 Bh6 21. Qc3 Nb4 22. Nxf6 Qxf6 23. a3 Bf4 24. axb4 axb4 25. Qxb4 Rxa1 26. Rxa1 Qg7 27. Qc3 Nxf2 28. Nxe5 Nh3+ 29. Kh1 Be6 30. Rf1 Bxg3 31. Ng6+ hxg6 32. Qxg3 Qh6 33. gxh3 Qxh3+ 34. Qxh3+ Bxh3 35. Rf7 Rg7 36. Rf8+ Kh7 37. Kh2 Bd7 38. Kg3 Re7 39. Kf4 Kg7 40. Rd8 b6 41. Bd3 Be6 42. Kg5 Bf7 43. Rd4 Re5+ 44. Kf4 Kf6 45. Ke3 Rc5 46. Kf4 g5+ 47. Ke3 Be6 48. Be2 Ke5 49. Bf1 g4 50. Rd2 Bxc4 51. Bxc4 Rxc4 52. Rd5+ Ke6 53. Kf4 Rc5 54. Rd1 Rxb5 55. Rg1 Rh5 56. Rxg4 b5 57. Rg6+ Kd7 58. e5 b4 59. Rg7+ Kc6 60. e6 Rc5 61. Rd7 Rc1 62. Rd4 Re1 63. Kf5 Kc5 64. Rd3 Kc4 65. Rh3 c5 66. Kf6 b3 67. Rh2 Kc3 68. Rh3+ Kb4 69. e7 b2 70. Rh8 c4 71. Rb8+ Ka3 72. Rb6 Rxe7 73. Kxe7 c3 74. Kd6 c2 75. Ra6+ Kb3 76. Rb6+ Kc3 0-1

[Event "Speed Chess (Women) Q5"]
[Site "Chess.com INT"]
[Date "2020.06.22"]
[Round "11"]
[White "Goryachkina, Aleksandra"]
[Black "Khomeriki, Nino"]
[Result "1-0"]
[WhiteElo "2582"]
[BlackElo "2319"]
[PlyCount "65"]
[EventDate "2020.06.22"]
[EventType "swiss (blitz)"]
[EventRounds "13"]
[EventCountry "USA"]
[SourceTitle "CBM 196 Extra"]
[Source "ChessBase"]
[SourceDate "2020.07.31"]
[SourceVersion "1"]
[SourceVersionDate "2020.07.31"]
[SourceQuality "1"]

1. Nf3 d5 2. g3 c6 3. Bg2 Bg4 4. 0-0 Nd7 5. d3 e6 6. h3 Bh5 7. Nbd2 Bd6 8. b3 Ne7 9. Bb2 0-0 10. c4 a5 11. Qc2 a4 12. Rab1 Re8 13. Bc3 axb3 14. axb3 e5 15. b4 f5 16. c5 Bc7 17. e4 h6 18. Ra1 Bf7 19. Bb2 Bg6 20. Rfe1 fxe4 21. dxe4 Kh8 22. Qb3 d4 23. Nc4 Ng8 24. Qc2 Ngf6 25. Nh4 Bh7 26. Nf5 Rxa1 27. Bxa1 Nf8 28. Nfd6 Bxd6 29. Nxd6 Re7 30. f4 Ne8 31. fxe5 Rxe5 32. Nf7+ Kg8 33. Nxd8 1-0

[Event "Speed Chess (Women) Q1"]
[Site "Chess.com INT"]
[Date "2020.06.18"]
[Round "8"]
[White "Bartel, Marta"]
[Black "Khomeriki, Nino"]
[Result "1/2-1/2"]
[WhiteElo "2192"]
[BlackElo "2319"]
[PlyCount "143"]
[EventDate "2020.06.18"]
[EventType "swiss (blitz)"]
[EventRounds "9"]
[EventCountry "USA"]
[SourceTitle "CBM 196 Extra"]
[Source "ChessBase"]
[SourceDate "2020.07.31"]
[SourceVersion "1"]
[SourceVersionDate "2020.07.31"]
[SourceQuality "1"]

1. d4 Nf6 2. c4 e6 3. Nf3 d5 4. Nc3 dxc4 5. e3 a6 6. Bxc4 b5 7. Bd3 Bb7 8. 0-0 Nbd7 9. b3 c5 10. Bb2 Bd6 11. Qe2 0-0 12. Rfd1 Qb8 13. h3 Rd8 14. Rac1 h6 15. Bb1 cxd4 16. Nxd4 Nb6 17. a3 Bh2+ 18. Kf1 Be5 19. Nf3 Bd6 20. Rd2 b4 21. axb4 Bxb4 22. Rcd1 Rxd2 23. Qxd2 Bxf3 24. gxf3 Qh2 25. Qd3 Qxh3+ 26. Ke2 Be7 27. Ne4 Nbd5 28. Nxf6+ Bxf6 29. Qh7+ Kf8 30. Qh8+ Ke7 31. Qxa8 Bxb2 32. Qb7+ Kf6 33. Rxd5 exd5 34. Qxd5 g6 35. Qc6+ Qe6 36. Qc2 Be5 37. Qd3 Kg7 38. Bc2 h5 39. Qc4 Qd6 40. Bd3 a5 41. Qe4 Bf6 42. Bc4 Qd7 43. Qd5 Qc7 44. f4 h4 45. Kf3 Qe7 46. Kg2 Qc7 47. Kf3 Qe7 48. Kg2 Qc7 49. Kh2 Qe7 50. Kh3 Qc7 51. Qe4 Qd7+ 52. Kh2 Qg4 53. Qd5 Qe6 54. Qxe6 fxe6 55. Bxe6 Be7 56. Kh3 Kf6 57. Bc4 g5 58. fxg5+ Kxg5 59. Bd3 Kh5 60. f3 Bc5 61. e4 Kg5 62. e5 Bf2 63. e6 Kf6 64. Bc4 Bg3 65. Kg4 Ke7 66. f4 Kf6 67. f5 Be1 68. Kh3 Bg3 69. Kg4 Be1 70. Kh3 Bg3 71. Bd5 Be1 72. Bc4 1/2-1/2

[Event "Speed Chess (Women) Q1"]
[Site "Chess.com INT"]
[Date "2020.06.18"]
[Round "9"]
[White "Khomeriki, Nino"]
[Black "Khalafova, Narmin Ilgar Qizi"]
[Result "1-0"]
[WhiteElo "2319"]
[BlackElo "2279"]
[PlyCount "69"]
[EventDate "2020.06.18"]
[EventType "swiss (blitz)"]
[EventRounds "9"]
[EventCountry "USA"]
[SourceTitle "CBM 196 Extra"]
[Source "ChessBase"]
[SourceDate "2020.07.31"]
[SourceVersion "1"]
[SourceVersionDate "2020.07.31"]
[SourceQuality "1"]

1. d4 g6 2. Nf3 Bg7 3. c4 d6 4. g3 Bg4 5. Nc3 Nc6 6. d5 Bxf3 7. exf3 Nd4 8. Be3 c5 9. dxc6 Nxc6 10. f4 Nf6 11. Bg2 0-0 12. 0-0 Nd7 13. Nd5 Rc8 14. Rc1 Bxb2 15. Rb1 Bg7 16. Rxb7 e6 17. Nb4 Na5 18. Rxa7 Nxc4 19. Bd4 d5 20. Bxg7 Kxg7 21. f5 gxf5 22. g4 fxg4 23. Qxg4+ Kh8 24. Re1 Nde5 25. Qf4 Ng6 26. Qd4+ Kg8 27. Bxd5 exd5 28. Nxd5 Qg5+ 29. Kh1 Rc6 30. Rg1 Qe5 31. Ne7+ Kg7 32. Nxc6 Qxd4 33. Nxd4 Rd8 34. Ne6+ Kf6 35. Nxd8 1-0

[Event "Speed Chess (Women) Q1"]
[Site "Chess.com INT"]
[Date "2020.06.18"]
[Round "6"]
[White "Shuvalova, Polina"]
[Black "Khomeriki, Nino"]
[Result "1-0"]
[WhiteElo "2454"]
[BlackElo "2319"]
[PlyCount "97"]
[EventDate "2020.06.18"]
[EventType "swiss (blitz)"]
[EventRounds "9"]
[EventCountry "USA"]
[SourceTitle "CBM 196 Extra"]
[Source "ChessBase"]
[SourceDate "2020.07.31"]
[SourceVersion "1"]
[SourceVersionDate "2020.07.31"]
[SourceQuality "1"]

1. e4 e5 2. Nf3 Nc6 3. Bb5 a6 4. Ba4 Nf6 5. 0-0 Be7 6. Re1 b5 7. Bb3 d6 8. c3 0-0 9. h3 Bb7 10. d4 Re8 11. Ng5 Rf8 12. Nf3 Re8 13. Nbd2 Bf8 14. d5 Nb8 15. Nf1 Nbd7 16. Ng3 Nc5 17. Bc2 c6 18. b4 Ncd7 19. dxc6 Bxc6 20. Bb3 Nb6 21. Bg5 Nc4 22. Bxc4 bxc4 23. a4 Rc8 24. Qe2 Bd7 25. Nd2 Be6 26. Ndf1 Be7 27. Bxf6 Bxf6 28. Ne3 Bg5 29. Red1 Bxe3 30. Qxe3 Qc7 31. Kh2 Qc6 32. f3 f6 33. Ra2 Red8 34. Rad2 g6 35. h4 Bf7 36. h5 Qxa4 37. Rxd6 Qxd1 38. Rxd1 Rxd1 39. Qb6 Rcd8 40. Qxf6 R1d6 41. Qxe5 Re6 42. Qg5 Rd3 43. h6 Rd7 44. Qf4 Be8 45. Qg4 Bf7 46. Qg5 Red6 47. Nf5 Re6 48. Nd4 Re8 49. Qf6 1-0

[Event "EU-ch Online 2300+ Final"]
[Site "Chess.com INT"]
[Date "2020.05.30"]
[Round "8"]
[White "Khomeriki, Nino"]
[Black "Gretarsson, Helgi Ass"]
[Result "1-0"]
[WhiteElo "2319"]
[BlackElo "2401"]
[PlyCount "71"]
[EventDate "2020.05.30"]
[EventType "swiss"]
[EventRounds "8"]
[EventCountry "NET"]
[SourceTitle "CBM 196 Extra"]
[Source "ChessBase"]
[SourceDate "2020.07.31"]
[SourceVersion "1"]
[SourceVersionDate "2020.07.31"]
[SourceQuality "1"]

1. d4 d5 2. Nf3 Nf6 3. c4 c6 4. cxd5 cxd5 5. Nc3 Nc6 6. Bf4 a6 7. e3 Bg4 8. h3 Bxf3 9. Qxf3 e6 10. Bd3 Bd6 11. Bg5 h6 12. Bh4 Be7 13. 0-0 0-0 14. Rac1 Rc8 15. Bb1 b5 16. Qe2 Nd7 17. Qd3 f5 18. Bg3 Nb6 19. Ne2 g5 20. Qd1 Nc4 21. b3 Na3 22. Bd3 Nb4 23. Qd2 Nxd3 24. Qxd3 Qa5 25. Be5 b4 26. g4 Qb5 27. Qd2 Qd7 28. Ng3 Nb5 29. Rxc8 Rxc8 30. gxf5 exf5 31. Qd3 Rc3 32. Qb1 Na3 33. Qd1 f4 34. Qh5 Qe6 35. Qe8+ Kh7 36. Qh8+ 1-0

[Event "EU-ch Online 2300+ Final"]
[Site "Chess.com INT"]
[Date "2020.05.30"]
[Round "6"]
[White "Khomeriki, Nino"]
[Black "Neverov, Valeriy"]
[Result "1-0"]
[WhiteElo "2319"]
[BlackElo "2448"]
[PlyCount "91"]
[EventDate "2020.05.30"]
[EventType "swiss"]
[EventRounds "8"]
[EventCountry "NET"]
[SourceTitle "CBM 196 Extra"]
[Source "ChessBase"]
[SourceDate "2020.07.31"]
[SourceVersion "1"]
[SourceVersionDate "2020.07.31"]
[SourceQuality "1"]

1. d4 f5 2. Nc3 Nf6 3. Bg5 d5 4. Bxf6 exf6 5. e3 c6 6. Bd3 Be6 7. Qf3 g6 8. h3 Nd7 9. Nge2 Qb6 10. 0-0-0 0-0-0 11. g4 fxg4 12. hxg4 Bf7 13. Rh3 h6 14. Rdh1 Rg8 15. Kb1 Kb8 16. Na4 Qc7 17. Nc1 b5 18. Nc3 a5 19. a4 b4 20. N3e2 Nb6 21. Qxf6 Bg7 22. Qf4 Nxa4 23. Nb3 g5 24. Qxc7+ Kxc7 25. Nxa5 c5 26. dxc5 Nxc5 27. Nd4 Nxd3 28. cxd3 Bxd4 29. exd4 Bg6 30. Nb3 Rdf8 31. R1h2 Rf4 32. Nc5 Rxg4 33. Kc2 Kd6 34. Rxh6 Rxd4 35. Nb3 Rf4 36. Kd2 Ke7 37. R6h3 Kf6 38. Re3 Rc8 39. f3 d4 40. Ree2 Rxf3 41. Ref2 Rxf2+ 42. Rxf2+ Ke5 43. Re2+ Kf6 44. Nxd4 Rd8 45. Rf2+ Kg7 46. Ne6+ 1-0

[Event "EU-ch Online 2300+ Final"]
[Site "Chess.com INT"]
[Date "2020.05.30"]
[Round "2"]
[White "Migot, Tangi"]
[Black "Khomeriki, Nino"]
[Result "1-0"]
[WhiteElo "2351"]
[BlackElo "2319"]
[PlyCount "91"]
[EventDate "2020.05.30"]
[EventType "swiss"]
[EventRounds "8"]
[EventCountry "NET"]
[SourceTitle "CBM 196 Extra"]
[Source "ChessBase"]
[SourceDate "2020.07.31"]
[SourceVersion "1"]
[SourceVersionDate "2020.07.31"]
[SourceQuality "1"]

1. e4 e5 2. Nf3 Nc6 3. Nc3 Nf6 4. d4 exd4 5. Nxd4 Bb4 6. Nxc6 bxc6 7. Bd3 d5 8. Bd2 0-0 9. 0-0 Bxc3 10. Bxc3 Nxe4 11. Bxe4 dxe4 12. Re1 Qxd1 13. Raxd1 Bf5 14. Rd4 Rfd8 15. Rc4 Rd6 16. Be5 Rd5 17. Bxc7 Rc8 18. Bf4 f6 19. h3 h5 20. Be3 Ra5 21. a4 Kf7 22. Rd1 Ke6 23. Bc5 Kf7 24. Ra1 Be6 25. Rc3 Rd8 26. b4 Ra6 27. a5 f5 28. Re1 Rd2 29. Be3 Rd5 30. Rc5 f4 31. Rxd5 cxd5 32. Bxf4 Rc6 33. b5 Rxc2 34. Rb1 Bc8 35. Be3 a6 36. bxa6 Bxa6 37. Rb6 Bc4 38. a6 Ra2 39. Rb7+ Ke6 40. a7 d4 41. Bxd4 g6 42. Rb6+ Kf5 43. Rf6+ Kg5 44. Rf8 Bd5 45. Be3+ Kh4 46. Kh2 1-0

[Event "EU-ch Online 2300+ Qual"]
[Site "Chess.com INT"]
[Date "2020.05.29"]
[Round "5"]
[White "Khomeriki, Nino"]
[Black "Dreev, Alexey"]
[Result "0-1"]
[WhiteElo "2319"]
[BlackElo "2655"]
[PlyCount "114"]
[EventDate "2020.05.29"]
[EventType "swiss"]
[EventRounds "8"]
[EventCountry "NET"]
[SourceTitle "CBM 196 Extra"]
[Source "ChessBase"]
[SourceDate "2020.07.31"]
[SourceVersion "1"]
[SourceVersionDate "2020.07.31"]
[SourceQuality "1"]

1. d4 d5 2. c4 c6 3. cxd5 cxd5 4. Bf4 Nf6 5. Nc3 Nc6 6. e3 Bg4 7. Qb3 Na5 8. Qa4+ Bd7 9. Qc2 e6 10. Bd3 Nh5 11. Be5 Nc6 12. Qe2 Nxe5 13. dxe5 g6 14. Nf3 Bb4 15. 0-0 0-0 16. Rac1 Rc8 17. Nd4 f6 18. exf6 Nxf6 19. a3 Bxc3 20. Rxc3 Rxc3 21. bxc3 e5 22. Nb3 e4 23. Bb5 Bg4 24. Qd2 a6 25. Be2 Bxe2 26. Qxe2 Qc7 27. Rc1 Rc8 28. h3 Qc4 29. Nd4 Qxe2 30. Nxe2 Rc4 31. Rb1 b5 32. Rb4 Kf7 33. Kf1 Ke6 34. Ke1 Nd7 35. Kd2 Ne5 36. Nd4+ Kd6 37. f4 exf3 38. gxf3 Rc7 39. a4 Nc4+ 40. Ke2 Re7 41. Nc2 bxa4 42. Rxa4 a5 43. e4 Kc5 44. Na3 Ra7 45. Nxc4 dxc4 46. Ke3 Kb5 47. Ra3 Rd7 48. e5 Rd1 49. Kf4 Re1 50. h4 a4 51. Ra2 Ka5 52. Ra3 Re2 53. Ra1 Kb5 54. Rb1+ Kc5 55. Rb8 a3 56. Ra8 a2 57. Ra5+ Kc6 0-1

[Event "EU-ch Online 2300+ Qual"]
[Site "Chess.com INT"]
[Date "2020.05.29"]
[Round "7"]
[White "Khomeriki, Nino"]
[Black "Efimenko, Zahar"]
[Result "1/2-1/2"]
[WhiteElo "2319"]
[BlackElo "2602"]
[PlyCount "137"]
[EventDate "2020.05.29"]
[EventType "swiss"]
[EventRounds "8"]
[EventCountry "NET"]
[SourceTitle "CBM 196 Extra"]
[Source "ChessBase"]
[SourceDate "2020.07.31"]
[SourceVersion "1"]
[SourceVersionDate "2020.07.31"]
[SourceQuality "1"]

1. d4 d6 2. Nf3 g6 3. c4 Bg7 4. Nc3 Bg4 5. g3 Bxf3 6. exf3 e6 7. Bh3 d5 8. cxd5 exd5 9. Qb3 Ne7 10. Qxb7 Nbc6 11. Bg5 0-0 12. 0-0 Rb8 13. Qa6 Nxd4 14. Kg2 h6 15. Bxe7 Qxe7 16. Nxd5 Qe5 17. Ne3 Rxb2 18. Rfe1 Qc5 19. Rac1 Qb6 20. Qc4 c6 21. Bd7 Rd8 22. Bh3 Qb5 23. a4 Qxc4 24. Rxc4 a5 25. f4 Rb4 26. f5 g5 27. Rec1 h5 28. Kh1 Rdb8 29. Bg2 Rb1 30. h3 R8b4 31. Rxb1 Rxb1+ 32. Kh2 Rb2 33. Kg1 Rb4 34. Rxb4 axb4 35. a5 b3 36. Nc4 c5 37. a6 Nb5 38. Na3 b2 39. Be4 Na7 40. Kf1 Kf8 41. Ke2 Ke7 42. Kd2 Kd6 43. Kc2 Bd4 44. f3 Kc7 45. Nc4 Nb5 46. Nxb2 Bxb2 47. Kxb2 Kb6 48. f6 Kxa6 49. Bg6 Nd6 50. Bxh5 Kb6 51. h4 gxh4 52. gxh4 Kc6 53. Bg4 Kd5 54. h5 Ke5 55. h6 Kxf6 56. Bh5 Nf5 57. h7 Kg7 58. Bxf7 Kxh7 59. Kc3 Kg7 60. Bd5 Nd6 61. Be6 Kf6 62. Bg8 Ke5 63. Kd3 Kf4 64. Ke2 Nf5 65. Kd3 Nd6 66. Ke2 Nf5 67. Kd3 Kxf3 68. Kc4 Ne7 69. Kxc5 1/2-1/2

[Event "EU-ch Online 2300+ Qual"]
[Site "Chess.com INT"]
[Date "2020.05.29"]
[Round "4"]
[White "Khomeriki, Nino"]
[Black "Gutenev, Alexander"]
[Result "1-0"]
[WhiteElo "2319"]
[BlackElo "2463"]
[PlyCount "157"]
[EventDate "2020.05.29"]
[EventType "swiss"]
[EventRounds "8"]
[EventCountry "NET"]
[SourceTitle "CBM 196 Extra"]
[Source "ChessBase"]
[SourceDate "2020.07.31"]
[SourceVersion "1"]
[SourceVersionDate "2020.07.31"]
[SourceQuality "1"]

1. d4 Nf6 2. c4 b6 3. Nf3 Bb7 4. g3 g6 5. Bg2 Bg7 6. 0-0 0-0 7. d5 Ne4 8. Qc2 f5 9. Ne1 e6 10. dxe6 dxe6 11. Nc3 Nd6 12. Bxb7 Nxb7 13. Ng2 Nc6 14. Rd1 Qf6 15. e3 Rad8 16. Bd2 Ne5 17. Be1 Nxc4 18. Ne4 fxe4 19. Qxc4 Nc5 20. Rab1 Rxd1 21. Rxd1 Qxb2 22. Nf4 Qf6 23. Bb4 Re8 24. Bxc5 bxc5 25. Rd7 Bf8 26. Rxc7 g5 27. Qxe4 Qf5 28. Qxf5 exf5 29. Nd5 Re6 30. Rxa7 Rc6 31. g4 fxg4 32. e4 c4 33. e5 Bc5 34. Rd7 h5 35. Kf1 Kf8 36. a4 h4 37. a5 Ke8 38. Rb7 Kd8 39. Rg7 Bd4 40. Nb4 Rc7 41. Rxg5 c3 42. Nc2 Bc5 43. Rxg4 Be7 44. Ke2 Rc5 45. Rd4+ Kc7 46. f4 Rxa5 47. Rc4+ Kd7 48. Rxc3 Ke6 49. Ne3 Ra2+ 50. Rc2 Ra3 51. Rc6+ Kd7 52. Rc2 Bd8 53. f5 Bg5 54. Nc4 Rh3 55. Nb6+ Ke7 56. Rc7+ Kd8 57. Rc8+ Ke7 58. Nd5+ Kd7 59. Nb6+ Ke7 60. f6+ Ke6 61. Re8+ Kf7 62. Re7+ Kg6 63. Rg7+ Kh6 64. Rxg5 Rxh2+ 65. Ke3 Kxg5 66. f7 Rh3+ 67. Ke4 Rh1 68. f8Q Re1+ 69. Kd5 Kg4 70. Qg7+ Kh3 71. Nc4 Rd1+ 72. Ke6 Rd3 73. Nd6 Kh2 74. Ne4 Rf3 75. Qg4 Rh3 76. Nf2 Rg3 77. Qxh4+ Kg2 78. Qxg3+ Kxg3 79. Ne4+ 1-0

[Event "Silkway Cup Online"]
[Site "Playchess.com INT"]
[Date "2020.05.28"]
[Round "15"]
[White "Guliyev, Namig"]
[Black "Khomeriki, Nino"]
[Result "1-0"]
[WhiteElo "2531"]
[BlackElo "2319"]
[PlyCount "155"]
[EventDate "2020.05.26"]
[EventType "swiss (blitz)"]
[EventRounds "15"]
[EventCountry "AZE"]
[SourceTitle "CBM 196"]
[Source "ChessBase"]
[SourceDate "2020.06.30"]
[SourceVersion "1"]
[SourceVersionDate "2020.06.30"]
[SourceQuality "1"]

1. e4 e5 2. Nf3 Nc6 3. Bb5 a6 4. Ba4 Nf6 5. 0-0 Be7 6. Re1 b5 7. Bb3 d6 8. c3 0-0 9. d4 exd4 10. cxd4 Bg4 11. Be3 Na5 12. Bc2 c5 13. h3 Bh5 14. Nbd2 Rc8 15. d5 Nd7 16. g4 Bg6 17. Nh2 Bh4 18. Rf1 Nb6 19. b3 Qe7 20. Rc1 h6 21. Qf3 Bg5 22. Qg3 Bxe3 23. Qxe3 Rfe8 24. Qg3 c4 25. b4 Nb7 26. f4 c3 27. Ndf3 Bxe4 28. Rfe1 Rc4 29. a3 Nxd5 30. Bxe4 Rxe4 31. Rxe4 Qxe4 32. Re1 Ne3 33. Nf1 c2 34. Qf2 Qxf4 35. N1d2 Re6 36. Nb3 d5 37. Nfd4 Qxf2+ 38. Kxf2 Nd1+ 39. Kf1 Rf6+ 40. Ke2 Rf2+ 41. Kd3 Nb2+ 42. Ke3 Nc4+ 43. Kxf2 Nbd6 44. Nxc2 Ne4+ 45. Kg1 Ne5 46. Rd1 Nc3 47. Ra1 g6 48. Ncd4 Kg7 49. Nc5 h5 50. gxh5 gxh5 51. Nxa6 Kg6 52. Nc5 f5 53. a4 bxa4 54. Nxa4 Ne4 55. Nc5 Ng5 56. h4 Nh3+ 57. Kh2 Nf4 58. Ra6+ Kf7 59. Nxf5 Ng4+ 60. Kg3 Ne2+ 61. Kf3 Ng1+ 62. Kf4 Nh3+ 63. Kg3 Ng1 64. Nh6+ Nxh6 65. Rxh6 d4 66. Rd6 Ke7 67. Rd7+ Ke8 68. Kf2 Nh3+ 69. Kf3 Ng1+ 70. Ke4 Ne2 71. Rh7 Kd8 72. Ke5 Ng3 73. Ne6+ Kc8 74. Nxd4 Kb8 75. b5 Ka8 76. b6 Nf5 77. Ra7+ Kb8 78. Nc6+ 1-0